MDQL
is popping MORE tags! Check the
thread
!
Quizzes
Events
Quiz Creation
Community
Videos
Private Events
Remove Ads
Sign In
Join for FREE
Feedback
Dark Mode
Quiz Categories
Sports
Geography
Music
Movies
Television
Just For Fun
Miscellaneous
History
Literature
Language
Science
Gaming
Entertainment
Religion
Holiday
For Kids
Quiz Lab
Recent
Popular Today
Quiz Kudos Today
Editor Picks
Curator Picks
Quizzes by...
Day
Popularity
Type
Ratings
Length
Year
Community
Subscriptions
Recent Discussions
Orange Saloon
Badges
Playlists
Quests
Create
Leaderboards
Showdown
Live 5
Trivia Bingo
Activity
Puzzle Library
Sporcle Events
Private Events
Virtual Trivia
Globe League
Become a Host
Pub Owners
SporcleCon
Opinionation
Our Games
Videos
Blog
Mobile Apps
Partnerships
Remove Ads and Go Orange
Feedback
Sports
Athletes
MLB
NBA
NHL
NFL
Soccer
Sports Teams
WWE
NCAA
Football
Premier League
Basketball
Baseball
Hockey
Golf
Tennis
Cricket
Rugby
Auto Racing
Olympics
World Cup
Sports
Athletes
MLB
NBA
NHL
NFL
Soccer
Sports Teams
WWE
NCAA
Football
Premier League
Basketball
Baseball
Hockey
Golf
Tennis
Cricket
Rugby
Auto Racing
Olympics
World Cup
Random Quiz
Search Sporcle
×
Quiz Lab
Quiz Lab
Sports
Basketball
Type in answers that appear in a list
Type in answers that appear in a list
Classic
Best Score? Go Orange.
12,000 NBA Points, 0 Rings Stats
Can you name the NBA players with at least 12K regular season points and 0 titles?
By
slinky21
11m
113 Questions
206 Plays
206 Plays
206 Plays
Comments
Comments
Give Quiz Kudos
Give Quiz Kudos
-
- Ratings
hide this ad
More Info
Replay
Link that replays current quiz
Next Quiz
Link to next quiz in quiz playlist
You Got
0%
They Got
Avg Score
44%
Avg Friend Score
Upgrade to see
Score Distribution
Jump to the score distribution portion of the page
Score
0/113
Timer
11:00
0
Plays Today
Career Points
Player
% Correct
36928
Karl Malone
95.6%
17231
Jeff Malone
94.2%
19711
John Stockton
85.4%
23757
Charles Barkley
84%
24815
Patrick Ewing
80.6%
24368
Allen Iverson
79.1%
25279
Reggie Miller
78.6%
20520*
Vince Carter
78.2%
17362*
LeBron James
78.2%
15877*
Steve Nash
78.2%
14071*
Andre Miller
78.2%
13628*
Joe Johnson
76.7%
13127
Kevin Johnson
76.7%
19202
Eddie Johnson
76.2%
13892
Marques Johnson
76.2%
12748
Mickey Johnson
76.2%
16262
Randy Smith
72.3%
18108*
Tracy McGrady
71.8%
12690
Jim Jackson
71.8%
12489
Mark Jackson
71.8%
26668
Dominique Wilkins
69.4%
14681*
Carmelo Anthony
68.9%
16784
Buck Williams
68.4%
19521
Walter Davis
66.5%
14155
Eddie Jones
66.5%
13269*
Baron Davis
66.5%
16096*
Juwan Howard
65%
25613
Alex English
63.6%
13006*
Amare Stoudemire
63.6%
17182
Chris Webber
62.6%
15347
Shawn Kemp
62.1%
16545*
Grant Hill
60.7%
15373
Tim Hardaway
59.7%
23149
Elgin Baylor
58.3%
20708
George Gervin
58.3%
19591
Clifford Robinson
57.3%
15659
Jeff Hornacek
53.4%
16297
Stephon Marbury
52.9%
Career Points
Player
% Correct
18128*
Antawn Jamison
51.9%
15065*
Elton Brand
51.9%
23177
Adrian Dantley
51.5%
17911
Chris Mullin
51.5%
13220
Jalen Rose
51%
19655
Bernard King
49.5%
14551
Allan Houston
49.5%
15948
Pete Maravich
49%
13496*
Jason Richardson
49%
16712
Latrell Sprewell
48.1%
15586
Terry Porter
47.6%
20049
Tom Chambers
47.1%
15761
Detlef Schrempf
47.1%
14809*
Rashard Lewis
47.1%
14595*
Mike Bibby
47.1%
12871
Rik Smits
45.6%
12417
Charles Oakley
44.7%
16119
Jerry Stackhouse
42.7%
12381*
Jermaine O'Neal
42.2%
19004
Dale Ellis
41.7%
13398
Vlade Divac
40.8%
18327
Dave Bing
40.3%
16006
Derek Harper
40.3%
12281
Johnny Green
39.8%
14470
Hersey Hawkins
38.8%
12670
Dell Curry
37.9%
19248
Bob Lanier
36.4%
17772
Lenny Wilkens
36.4%
20941
Walt Bellamy
35.4%
17623
Rolando Blackman
35.4%
15028
Shareef Abdur-Rahim
35.4%
12658
Nick Van Exel
34.5%
17955
World B. Free
33%
14659
Dan Issel
33%
15980
Kiki Vandeweghe
32.5%
13895
Bob Love
32%
12884
Derrick Coleman
32%
13910
Alvan Adams
31.1%
Career Points
Player
% Correct
19460
Terry Cummings
30.6%
17949
Calvin Murphy
30.1%
12367
Danny Manning
29.6%
12227*
Antonio McDyess
29.6%
12623*
Corey Maggette
29.1%
15579
Artis Gilmore
28.6%
15324
Sam Perkins
28.6%
15687
Larry Nance
28.2%
14437
Nate Thurmond
28.2%
19015
Reggie Theus
27.2%
14463
Rod Strickland
26.2%
13606
Xavier McDaniel
25.7%
13858
Chuck Person
23.8%
15840
Jack Twyman
22.3%
13383
Rudy Tomjanovich
21.4%
15079
Dick Van Arsdale
20.9%
14232
Tom Van Arsdale
20.9%
17940
Lou Hudson
20.4%
12391
Darrell Griffith
19.9%
12914
Kendall Gill
19.4%
12878
Wayman Tisdale
19.4%
12455
Joe Barry Carroll
19.4%
14467
Ricky Pierce
18.9%
12142
Kelly Tripucka
18.9%
15016
Mike Mitchell
18.4%
14607
Purvis Short
18.4%
12051*
Al Harrington
18.4%
12260
Sleepy Floyd
18%
13623
Orlando Woolridge
15.5%
12507
Mike Newlin
14.6%
15291
John Drew
13.1%
14676
Richie Guerin
13.1%
12544
Otis Birdsong
12.1%
12700
Armen Gilliam
10.2%
12740
Johnny Newman
9.7%
12803
Sidney Wicks
8.3%
12541
Jack Marin
8.3%
Quiz Playlist
Details
Report
Send in Message
Add To Playlist
More Info:
Name the basketball players with at least 12,000 regular season points in the NBA that have not won a championship. * denotes active player.
Classic:
Type in answers that appear in a list
Quiz Source
Last Updated: Feb 16, 2017
Quiz Scoreboard
CHALLENGE
Sign Up to Join the Scoreboard
Show All
Scores
Hide
Comments
May contain spoilers
Recently Published
Colored Red Africa Blitz
by spor1
Geography
30s
Find the 'City' Movie
by crazypaving
Movies
60s
5x2 Blitz: Bands
by SL_Kpop136
Music
30s
More to Explore
Quiz From the Vault
Featured Blog Post
14 Easter Pick-up Lines to Find Eggs With
hide this ad
You Might Also Like...
Tags
Basketball Quiz
NBA Quiz
Career
Player
Playoff
point
ppg
Ring
Winning
Today's Top Quizzes in Sports
Browse Sports
hide this ad
Today's Top Quizzes in Basketball
Browse Basketball
Top Contributed Quizzes in Sports
1
Les entraîneurs de l'OM et du PSG au 21e siècle
2
Les meilleurs buteurs des matchs entre le PSG et l’OM
3
Players with Multiple 50 Home Run Seasons
4
2022 World Cup Stars
5
Les joueurs passés par le PSG et l'OM
6
NBA Logic Puzzle 2.0
7
Criteria MLB: Left Handed Sluggers
8
MLB Players with Two .350 Batting Average Seasons
9
Top 10 NHL Goal Scorers of All Time
10
Who Hit More Homers?
Explore More
Trending Topics
Crossword
Kpop
Anime
Harry Potter
Marvel
Disney
NBA
Soccer
The Office
Song
Puzzle
Country
Pokémon
NFL
WWE
hide this ad
More By:
slinky21
Quiz
Plays
Rating
Category
Featured
Created
Teammates on Shaq's All Star Teams
545
4.80
Sports
Jun 1, 2011
Largest A Cities (US)
350
4.44
Geography
Jun 19, 2011
US Cities with a Public Aquarium
308
2.67
Geography
Jun 3, 2011
College Football All-Time Opponents
238
2.80
Sports
Jun 17, 2011
Spanish Speaking States
227
4.25
Geography
Jun 2, 2011
Go to Creator's Profile
Score Distribution
Quiz Creator Spotlight
slinky21
Follow
Send a Message
Quizzes Created
-
Created Quiz Play Count
-
More By This Creator
Popular Quizzes Today
1
Colored Red Africa Blitz
2
Find the 'City' Movie
3
5x2 Blitz: Bands
4
Find the US States - No Outlines Minefield
5
The Countries of the World
6
Find the US States
7
US States
8
Find the Countries of Europe - No Outlines Minefield
More Sports Quizzes
Fernandinho's Winning XI's against Arsenal
Quiz Lab
Trending Quizzes
Colored Red Europe Blitz I
Colored Red Africa Blitz II
Colored Red Europe Blitz II
Colored Red Africa Blitz III
Colored Red Europe Blitz III
Recently Updated
How Do You Spell That?
pecheneg
Godzilla Movies
pecheneg
Grab Bag: 4-10 Letters
pecheneg
2024 March Madness Bracket
pecheneg
Famous TV Couples
Peacemaker
Champions League XIs: Real Madrid
pecheneg
Largest US Cities 1790-2010
pecheneg
Rides in Walt Disney World
pecheneg
Most Oscar Losses (Acting)
pecheneg
Beyoncé Albums
pecheneg
Trending Topics
Harry Potter
Disney
Kpop
Marvel
Anime
NBA
Crossword
Puzzle
Pokémon
WWE
Soccer
The Office
Country
NFL
Song
Your Account Isn't Verified!
In order to create a playlist on Sporcle, you need to verify the email address you used during registration. Go to your
Sporcle Settings
to finish the process.
Report this User
Report this user for behavior that violates our
Community Guidelines
.
Details:
Send Report
Go to the Sporcle.com Mobile Site →
Comments